000 00868nam a2200229 a 4500
001 4128
005 20140414131936.0
008 090209s19uu xx 00 eng d
020 _a0-7368-0328-9
050 _aREF 741.6
_bSo7 2000
100 _aSotnak, Lewann
245 _aGraphic designer /
_cby Lewann Sotnak.
260 _aMankato, Minnesota :
_bCapstone Press,
_cc2000.
300 _a48 p. : col., ill. cm.
440 _aCareer exploration
500 _aIncludes bibliographical references and index.
520 _aAn introduction to the career of graphic designer, including discussion of educational erquirements, duties, workplace, salary, employment outlook, and possible future positions.
650 _aGraphic arts
_xJuvenile literature.
650 _aGraphic arts
_xVocational guidance
_xJuvenile literature.
999 _c112447
_d112447